| 000 | 00510nam a2200181Ia 4500 | ||
|---|---|---|---|
| 005 | 20250423095519.0 | ||
| 008 | 250422s9999 xx 000 0 und d | ||
| 020 | _a9780078664182 | ||
| 050 | _aQD 40 .D56/ | ||
| 100 | _aDingrando, Laurel... et al. | ||
| 245 | 0 | _aGlencoe science chemistry : matter and change. | |
| 260 | _aNew York | ||
| 260 | _bMcGraw Hil Companies, Inc. | ||
| 260 | _c2005 | ||
| 300 | _a1008 p | ||
| 650 | _aChemistry--Study and teaching. Science--Study and teaching. | ||
| 942 | _cBK | ||
| 999 |
_c30502 _d30502 |
||